000 01102naa a22002897a 4500
001 BR8107556
003 BR-BrBNA
005 20240918175051.0
007 ta
008 230509b bl.||||| |||| 00| 0 por d
040 _aBR-BrBNA
_bpor
_cBiblioteca Nacional de Agricultura
041 _a(Pt)
072 _aE70
_b/G514
090 _aE70 BR8107556
100 1 _aMiguens, A.P.
111 1 _a1. Seminario Nacional de Hidrovias
_cCuritiba, PR (Brazil)
_d27-30 Apr 1981
245 1 _aAspectos da navegacao fluvial: documentos cartograficos, publicacoes de seguranca da navegacao, sinalizacao nautica, metodos e tecnicas [transporte fluvial, Brasil]
260 3 _aCuritiba, PR (Brasil):
_c1981.
500 _aAnais do 1. Seminario Nacional de Hidrovias Curitiba, PR (Brasil): 1981. p. 13-34 (BR8107556-AM)E70
650 _aNAVEGACAO
650 _aTRANSPORTE FLUVIAL
650 _aHIDROVIA
650 _aCARTOGRAFIA
773 0 _tAnais do 1. Seminario Nacional de Hidrovias
_wE70 BR8107556
_gCuritiba, PR (Brasil), 1981. p. 13-34
909 _a202404
_bLucia
_c55
_dLucia Elande
942 _cAM
_2AGRIS
999 _c314820
_d314820